[Event "GER-chT Schools WK II"]
[Site "Verden an der Aller"]
[Date "2011.05.14"]
[Round "2.2"]
[White "Von Spee, Franziskus"]
[Black "Lindner, Ferdinand"]
[Result "0-1"]
[WhiteElo "1533"]
[BlackElo "1618"]
[PlyCount "86"]
[EventDate "2011.05.14"]
[EventType "team-swiss"]
[EventRounds "7"]
[EventCountry "GER"]
[SourceTitle "EXT 2022"]
[Source "ChessBase"]
[SourceDate "2021.10.06"]
[SourceVersion "1"]
[SourceVersionDate "2021.10.06"]
[SourceQuality "1"]
[WhiteTeam "St Johannis Schule U17"]
[BlackTeam "Erfurt Edith Stein Schule U17"]
[WhiteTeamCountry "GER"]
[BlackTeamCountry "GER"]

1. e4 c5 2. Nf3 Nc6 3. Bc4 g6 4. d4 cxd4 5. Nxd4 Bg7 6. Be3 Nf6 7. Nc3 Qa5 8. 0-0 0-0 9. f3 d6 10. Nb3 Qc7 11. Nb5 Qd8 12. N3d4 Nxd4 13. Bxd4 a6 14. Nc3 Bd7 15. Nd5 Nxd5 16. Bxd5 Bxd4+ 17. Qxd4 Qc7 18. c3 Rab8 19. Rad1 Bb5 20. Rf2 Bc6 21. Rfd2 Qa5 22. Qc4 Bd7 23. Qd4 Bc6 24. e5 dxe5 25. Qxe5 e6 26. b4 Qb6+ 27. Rd4 Bxd5 28. a4 Rbc8 29. Kh1 Qc7 30. Qxc7 Rxc7 31. Rc1 Rfc8 32. Rd3 Bc6 33. a5 Bb5 34. Re3 Rc4 35. Kg1 Rxb4 36. cxb4 Rxc1+ 37. Kf2 Rc2+ 38. Kg3 Bf1 39. Re4 Rxg2+ 40. Kf4 Rxh2 41. Ke5 Re2 42. Rxe2 Bxe2 43. f4 h5 0-1